000 00905nam a22003017a 4500
001 BR7602321
003 BR-BrBNA
005 20230928084946.0
007 ta
008 230509b bl.||||| |||| 00| 0 por d
040 _aBR-BrBNA
_bpor
_cBiblioteca Nacional de Agricultura
041 _a(Por)
072 _aP12; P10; F27
_b4630
090 _ 4630 BR7602321
100 1 _aDaker, A.
245 1 _aA agua na agricultura. Manual de hidraulica agricola, v. 3: Irrigacao e drenagem [Cultura irrigada]
250 1 _a5 ed.
260 3 _aRio de Janeiro, RJ (Brasil):
_bLivraria Freitas Bastos S.A.,
_c1976.
300 _a453 p.
500 _a137 illus.; 43 tables; Bibliography p. 433-448 (330 ref.)
650 _aIrrigacao
650 _aDrenagem
650 _aRecurso hidrico
650 _aCultivo do solo
650 _aCultura irrigada
909 _a202309
_bLucia
_c55
_dLucia Elande
942 _cBK
999 _c22106
_d22106